000 00431nam a2200169Ia 4500
003 GCL
008 140319s9999 xx 000 0 ara d
040 _aGCL /
_cGCL
082 0 4 _aط
_b636.6
_bد ط
100 1 _aدار المعارف
245 1 0 _aالطيور /
_cدار المعارف
300 _a13 ص
490 _aمكتبتى المصورة
_v0
650 0 4 _aالاطفال
650 0 4 _aالطيور
942 _2ddc
_cBK
999 _c51471
_d51471